<?xml version="1.0" encoding="UTF-8"?><?xml-stylesheet type="text/xsl" href="static/style.xsl"?><OAI-PMH xmlns="http://www.openarchives.org/OAI/2.0/" xmlns:xsi="http://www.w3.org/2001/XMLSchema-instance" xsi:schemaLocation="http://www.openarchives.org/OAI/2.0/ http://www.openarchives.org/OAI/2.0/OAI-PMH.xsd"><responseDate>2026-04-13T00:56:19Z</responseDate><request verb="GetRecord" identifier="oai:www.recercat.cat:2117/114531" metadataPrefix="marc">https://recercat.cat/oai/request</request><GetRecord><record><header><identifier>oai:recercat.cat:2117/114531</identifier><datestamp>2025-07-17T09:42:20Z</datestamp><setSpec>com_2072_1033</setSpec><setSpec>col_2072_452950</setSpec></header><metadata><record xmlns="http://www.loc.gov/MARC21/slim" xmlns:dcterms="http://purl.org/dc/terms/" xmlns:xsi="http://www.w3.org/2001/XMLSchema-instance" xmlns:doc="http://www.lyncode.com/xoai" xsi:schemaLocation="http://www.loc.gov/MARC21/slim http://www.loc.gov/standards/marcxml/schema/MARC21slim.xsd">
   <leader>00925njm 22002777a 4500</leader>
   <datafield ind2=" " ind1=" " tag="042">
      <subfield code="a">dc</subfield>
   </datafield>
   <datafield ind2=" " ind1=" " tag="720">
      <subfield code="a">Pesoa Marcilla, Melisa</subfield>
      <subfield code="e">author</subfield>
   </datafield>
   <datafield ind2=" " ind1=" " tag="260">
      <subfield code="c">2017</subfield>
   </datafield>
   <datafield ind2=" " ind1=" " tag="520">
      <subfield code="a">La pampa argentina, habitada originalmente por indígenas, fue un paisaje desatendido, considerado “bárbaro e inculto” hasta mediados del siglo XIX. Son los progresos técnicos (cartografía, ferrocarril, telégrafo, molino de viento, entre otros) los que permiten la colonización y ayudan a la incorporación de este territorio al sistema productivo. De esta forma, el paisaje comienza a ser apreciado y, en pocos años, pasa de ser un paisaje denostado y generador de “barbarie” (frente a la “civilización” representada por la vida urbana), a ser el paisaje productivo por excelencia de la Argentina que se estaba construyendo. Este estudio pretende, mediante el análisis de algunos mapas representativos del siglo XIX, relacionar la realización de la cartografía del territorio de la pampa bonaerense con la idea de paisaje que se formó de él. Gracias a la representación cartográfica se genera una visión de la pampa como un territorio homogéneo, sin grandes particularidades, a modo de tierra promisoria que puede y debe ser ocupada. Pero una vez lograda la colonización se convierte en la fuente de la producción agrícola del país, llegando a ser el símbolo de la prosperidad argentina: el “paisaje nacional” .&#xd;
&#xd;
The Argentinean pampa, originally inhabited by aborigine tribes, was an unattended landscape, considered</subfield>
   </datafield>
   <datafield ind2=" " ind1=" " tag="520">
      <subfield code="a">The Argentinean pampa, originally inhabited by aborigine tribes, was an unattended&#xd;
landscape, considered "barbaric and uncultured" until mid-nineteenth century. Technical&#xd;
progress (cartography, railroad, telegraph, windmill, among others) allowed colonization and helped the incorporation of this territory into the productive system. In this sense, landscape begins to be appreciated and, in a few years, it is transformed from a reviled landscape and "barbarism" generator (in opposition to the "civilization" represented by urban life), into the productive landscape of the Argentina that was being built. This study aims, through the analysis of some representative maps of the nineteenth century, to relate mapping of the territory of the pampas to the idea of landscape that was constructed about it. Thanks to the cartographic representation, a vision of the pampa was generated: a homogeneous territory, without particular features, as a promising land that can and should be occupied. However, once the colonization was achieved, it changed into the source of agricultural production of the country, becoming the symbol of Argentine prosperity: the "national landscape."</subfield>
   </datafield>
   <datafield ind2=" " ind1=" " tag="520">
      <subfield code="a">Peer Reviewed</subfield>
   </datafield>
   <datafield ind2=" " ind1=" " tag="520">
      <subfield code="a">Postprint (published version)</subfield>
   </datafield>
   <datafield tag="653" ind2=" " ind1=" ">
      <subfield code="a">Àrees temàtiques de la UPC::Urbanisme</subfield>
   </datafield>
   <datafield tag="653" ind2=" " ind1=" ">
      <subfield code="a">Àrees temàtiques de la UPC::Enginyeria civil::Geomàtica::Cartografia</subfield>
   </datafield>
   <datafield tag="653" ind2=" " ind1=" ">
      <subfield code="a">Regional planning -- Argentina</subfield>
   </datafield>
   <datafield tag="653" ind2=" " ind1=" ">
      <subfield code="a">Argentina -- Maps</subfield>
   </datafield>
   <datafield tag="653" ind2=" " ind1=" ">
      <subfield code="a">Pampa</subfield>
   </datafield>
   <datafield tag="653" ind2=" " ind1=" ">
      <subfield code="a">Buenos Aires</subfield>
   </datafield>
   <datafield tag="653" ind2=" " ind1=" ">
      <subfield code="a">Paisaje nacional</subfield>
   </datafield>
   <datafield tag="653" ind2=" " ind1=" ">
      <subfield code="a">Cartografía.</subfield>
   </datafield>
   <datafield tag="653" ind2=" " ind1=" ">
      <subfield code="a">Ordenació del territori -- Argentina</subfield>
   </datafield>
   <datafield tag="653" ind2=" " ind1=" ">
      <subfield code="a">Argentina -- Mapes</subfield>
   </datafield>
   <datafield ind2="0" ind1="0" tag="245">
      <subfield code="a">La construcción de un paisaje nacional: el rol de la cartografía en la percepción del paisaje de la Pampa Bonaerense durante el siglo XIX</subfield>
   </datafield>
</record></metadata></record></GetRecord></OAI-PMH>